000 00291nam a22001337a 4500
008 171013b xxu||||| |||| 00| 0 eng d
020 _a9780393322576
041 _aeng
080 _a316
100 _a50
101 _aSOC
245 _aTHE FEMININE MYSTIQUE
_cFRIEDAN, B
942 _2udc
_cBK
999 _c33564
_d33564